| 000 | 00555cam a2200169 i 4500 | ||
|---|---|---|---|
| 020 | _a0471048291 | ||
| 050 | 0 | 0 |
_aQD 453.2 _b.B48 |
| 100 | 1 | _aBerry, R. Stephen, | |
| 245 | 1 | 0 |
_aPhysical chemistry / _cR. Stephen Berry, Stuart A. Rice, John Ross, with the assistance of George P. Flynn, Joseph N. Kushick. |
| 260 |
_aNew York : _bWiley, _cc1980. |
||
| 300 | _a 1264, [40] p. : | ||
| 500 | _aIncludes bibliographies and index. | ||
| 650 | 0 | _bChemistry, Physical and theoritical | |
| 700 | 1 | _aRice, Stuart Alan, | |
| 700 | 1 | _aRoss, John, | |
| 942 |
_2lcc _cGEN |
||
| 999 |
_c8374 _d8374 |
||